000 nam a22 7a 4500
999 _c331110
_d331110
003 NUST
005 20170913115902.0
008 170913b xxu||||| |||| 00| 0 eng d
040 _cNUST
082 _a954.9153
_bNAS
100 _aNaseer, Mir Gul Khan
_94566
245 _aTareekh khawaneen kalat /
_cby Mir Gul Khan Naseer
260 _aLahore:
_bAli printers,
_c1982
300 _a229 p.
546 _aIn Urdu
650 _aHistory- Kalat - Pakistan
_94567
880 _6100-01\(3\r
_aمیر گل خان نصیر
880 _6245-02\(3\r
_aتاریخ خوانین قلات
_cمیر گل خان نصیر
880 _6260-03\(3\r
_aلاہور:
_bعلی پرنٹرز،
_c1982
942 _2ddc
_cBK